000 00645nam a22001937a 4500
999 _c178898
_d178898
005 20210427145524.0
010 _aUR-11103
020 _c203.00
_a9789390579129
035 _aU-9658
037 _bDBAD/PUB
082 _a440.41
100 _aمحمد حسين
245 _aا ر د و ميں شعر ی ا و ر لسا نی مبا حث
_cمحمد حسين
246 _aUrdu mein Sheiri Aur Lisani Mabahis (Urdu)
_bby Mohd. Husain
260 _aN.Delhi
_c2020 ء
_bApplied Books
270 _a1739/10,Patoudi House Darya Ganj,
_bN.Delhi
_e110002
_l-
300 _a336 ص
_c22 Cm(Hb)
942 _2ddc
_cUR
_h440.41
_mم ح م